| Tag |
First Indicator |
Second Indicator |
Subfields |
| LEADER |
00000cam a2200000 i 4500 |
| 001 |
in00004080413 |
| 005 |
20211120102654.0 |
| 006 |
m o d f |
| 007 |
cr bn||||||||| |
| 008 |
101108s1994 dcua ob f000 0 eng c |
| 019 |
|
|
|a 624008110
|
| 035 |
|
|
|a (OCoLC)ocn680031082
|
| 042 |
|
|
|a dlr
|a pcc
|
| 043 |
|
|
|a n-us---
|
| 040 |
|
|
|a OCLCE
|b eng
|e rda
|e pn
|c OCLCE
|d OCLCQ
|d OCLCF
|d OCLCQ
|d OCLCO
|d OCLCQ
|d UCO
|d GPO
|d MvI
|
| 049 |
|
|
|a WWW
|
| 074 |
|
|
|a 1061-F (online)
|
| 086 |
0 |
|
|a Y 3.L 61:2 L 61/6
|
| 100 |
1 |
|
|a McClure, Charles R.,
|e author.
|
| 245 |
1 |
0 |
|a Public libraries and the internet :
|b study results, policy issues, and recommendations : final report /
|c Charles R. McClure, John Carlo Bertot, Douglas L. Zweizig.
|
| 264 |
|
1 |
|a Washington, D.C. :
|b National Commission on Libraries and Information Science,
|c 1994.
|
| 300 |
|
|
|a 1 online resource (ix, 62 pages) :
|b illustrations
|
| 336 |
|
|
|a text
|b txt
|2 rdacontent
|
| 337 |
|
|
|a computer
|b c
|2 rdamedia
|
| 338 |
|
|
|a online resource
|b cr
|2 rdacarrier
|
| 500 |
|
|
|a "June 1994."
|
| 504 |
|
|
|a Includes bibliographical references (pages 51-52).
|
| 588 |
0 |
|
|a Online resource (HathiTrust, HeinOnline, viewed February 23, 2017).
|
| 650 |
|
0 |
|a Public libraries
|z United States
|x Data processing.
|
| 650 |
|
0 |
|a Internet
|z United States.
|
| 650 |
|
0 |
|a Library information networks
|z United States.
|
| 650 |
|
0 |
|a Libraries and the Internet.
|
| 650 |
|
7 |
|a Internet.
|2 fast
|0 (OCoLC)fst00977184
|
| 650 |
|
7 |
|a Libraries and the Internet.
|2 fast
|0 (OCoLC)fst00997583
|
| 650 |
|
7 |
|a Library information networks.
|2 fast
|0 (OCoLC)fst00997774
|
| 650 |
|
7 |
|a Public libraries
|x Data processing.
|2 fast
|0 (OCoLC)fst01082676
|
| 651 |
|
7 |
|a United States.
|2 fast
|0 (OCoLC)fst01204155
|
| 700 |
1 |
|
|a Bertot, John Carlo,
|e author.
|
| 700 |
1 |
|
|a Zweizig, Douglas,
|e author.
|
| 710 |
1 |
|
|a United States.
|b National Commission on Libraries and Information Science,
|e issuing body.
|
| 776 |
0 |
8 |
|i Print version:
|a McClure, Charles R.
|t Public libraries and the Internet
|w (DLC) 94190855
|w (OCoLC)30699398
|
| 856 |
4 |
0 |
|u https://purl.fdlp.gov/GPO/gpo120387
|t 0
|
| 999 |
f |
f |
|s 68f50102-c490-34f9-a607-db1d04495015
|i f112ebfd-41eb-3511-993c-4d000c9476e5
|t 0
|
| 952 |
f |
f |
|a Texas A&M University
|b College Station
|c Electronic Resources
|d Available Online
|t 0
|e Y 3.L 61:2 L 61/6
|h Superintendent of Documents classification
|
| 998 |
f |
f |
|a Y 3.L 61:2 L 61/6
|t 0
|l Available Online
|